The Book Hunters of Katpadi/ (Record no. 202445)
[ view plain ]
| 000 -LEADER | |
|---|---|
| fixed length control field | 00579nam a22001937a 4500 |
| 005 - DATE AND TIME OF LATEST TRANSACTION | |
| control field | 20240430163414.0 |
| 010 ## - LCCN (DPL NO) | |
| LC control number | ENG-140095 |
| 020 ## - INTERNATIONAL STANDARD BOOK NUMBER | |
| Terms of availability | 499.00 |
| International Standard Book Number | 9789350092231 |
| 035 ## - SYSTEM CONTROL NUMBER | |
| System control number | EN-123627 |
| 037 ## - SOURCE OF ACQUISITION | |
| Source of stock number/acquisition | DBAD |
| 082 ## - DEWEY DECIMAL CLASSIFICATION NUMBER | |
| Classification number | N |
| 100 ## - MAIN ENTRY--PERSONAL NAME | |
| Personal name | Sebastian, Pradeep |
| 245 ## - TITLE STATEMENT | |
| Title | The Book Hunters of Katpadi/ |
| Statement of responsibility, etc | By Pradeep Sebastian |
| 260 ## - PUBLICATION, DISTRIBUTION, ETC. (IMPRINT) | |
| Place of publication, distribution, etc | Gurgaon |
| Name of publisher, distributor, etc | Hachette Book Publishing |
| Date of publication, distribution, etc | 2017 |
| 270 ## - ADDRESS | |
| Address | 4th & 5th Floors, Corporate Center, Plot No. 94, Sector 44 |
| City | Gurgaon |
| Postal code | 122003 |
| 300 ## - PHYSICAL DESCRIPTION | |
| Extent | 418p. : |
| Dimensions | 21cm(hbk) |
| Other physical details | ill |
| 500 ## - GENERAL NOTE | |
| General note | Includes index |
| 942 ## - ADDED ENTRY ELEMENTS (KOHA) | |
| Source of classification or shelving scheme | Dewey Decimal Classification |
| Item type | English Books |
| Classification part | N |
| Call number suffix | SEB |
| Withdrawn status | Lost status | Not for loan | Collection code | Home library | Current library | Date acquired | Source of acquisition | Cost, normal purchase price | Full call number | Barcode | Copy number | Cost, replacement price | Koha item type |
|---|---|---|---|---|---|---|---|---|---|---|---|---|---|
| Non-fiction | Ashok Vihar | Ashok Vihar | 30/04/2024 | DBAD | 499.00 | N SEB | EN-123627 | 1 | 499.00 | English Books |
